Automorphisms and derivations of associative rings

Αποθηκεύτηκε σε:
Λεπτομέρειες βιβλιογραφικής εγγραφής
Κύριος συγγραφέας: Kharchenko, V.K
Μορφή: Βιβλίο
Γλώσσα:English
Δημοσίευση: Dordrecht ; Boston : Kluwer Academic Publishers, c1991
Σειρά:Mathematics and its applications. Soviet series ; ; 69
Θέματα:
Ετικέτες: Προσθήκη ετικέτας
Δεν υπάρχουν, Καταχωρήστε ετικέτα πρώτοι!

MARC

LEADER 00000nam a2200000 i 4500
001 1/74798
008 990521s1991 eng d
020 |a 0-7923-1382-8 
035 |l 10049170 
040 |a GR-MY-UA  |b gre  |e aacr 
041 0 |a eng 
082 0 |a 512.4 
100 1 |a Kharchenko, V.K. 
245 1 0 |a Automorphisms and derivations of associative rings /  |c by V.K. Kharchenko 
260 |a Dordrecht ; Boston :   |b Kluwer Academic Publishers,   |c c1991 
300 |a xiv, 385 p.;  |b ill.;  |c 25 cm. 
490 1 |a Mathematics and its applications. Soviet series  |v ; 69 
500 |a Includes bibliographical references and index 
650 0 0 |a Associative rings. 
650 0 0 |a Automorphisms. 
830 0 |a Mathematics and its applications. Soviet series ;  |v ; 69 
852 |a INST  |b SAMOS  |e 19990521  |h 512.4 KHA  |p 005300012710  |q 005300012710  |t BK  |y 0 
901 |a BIBL3-1999-2 
909 |a Σ  |b 063964 
922 |a 3ΕΛΗ  |b 199901  |c ΚΠΣ  |d GLORY 
950 |a 116-1998-08-10